LEADER 01140nam a2200253 i 4500 001 000000059821 003 CaOOAMICUS 005 20120612000000.0 008 120612s1982 it u000 u ita u 013 $a30993 040 $aSeMil$bita 245 13$aIl disarmo e la pace :$bDocumenti del magistero. Riflessioni teologiche. Problemi attuali /$cprefazione di Luigi Bettazzi. 260 $aBologna :$bEDB,$ccopyr. 1982. 300 $a368 p. ;$c19 cm. 490 0 $aVolontari : Perché? ;$v5 650 4$aGuerra giusta .$0(OLS)http://semarc/subject/10318 650 4$aPace.$0(OLS)http://semarc/subject/5526 700 1 $aBettazzi, Luigi,$c.$0(OLS)http://semarc/name/18965 830 0$aVolontari : Perché? ;$v5.$0(OLS)http://semarc/title/402616 850 $aSeMil 852 $aSeMil$W1$xVenegono$y1$m2E I 349$j25974$B25974$CSeMilBibl$Z2$F25977 $81 961 $aOmaggio: Oggioni don Costantino 996 $6245$aIl disarmo e la pace :$bDocumenti del magistero. Riflessioni teologiche. Problemi attuali$9(OLS)http://semarc/title/93540 996 $6260$aBologna :$bEDB$9(OLS)http://semarc/publisher/29669 LEADER 00884nam a2200205 i 4500 001 000000204391 003 CaOOAMICUS 005 20110726000000.0 008 110726s1803 it u000 u ita u 013 $a183111 026 $adon- unma a?lo qual (3) 1803 (A) 040 $aSeMil$bita 245 10$aVol. 2. 300 $a308 p. 490 0 $aEdizione delle opere classiche italiane 773 0 $aVarchi, Benedetto <1503-1565>$tStoria fiorentina di messer Benedetto Varchi. Volume primo [-quinto].$dMilano : Soc. Tip. de' Classici Italiani, contrada del Bocchetto, n. 2536, 1803-1804.$kEdizione delle opere classiche italiane$g2$w()25227 830 0$aEdizione delle opere classiche italiane.$0(OLS)http://semarc/title/33675 850 $aSeMil 852 $aSeMil$W1$xVenegono$y1$m1H I 7 FA$j154885$B154885$CSeMilBibl$Z2$F165729 $8I 996 $6245$aVol. 2$9(OLS)http://semarc/title/13458